000 00657nam a22002657a 4500
003 UA-OsUOA
001 61251
007 ta
008 20090623b un ||||| |||| 00| 0 ukr d
100 _aХаустен А
700 _aКеншерпер Ю.
700 _aМохман В.
090 _a2(100)
_bХ26
942 _cBK
040 _aUA-OsUOA
_brus
_cUA-OsUOA
_dUA-OsUOA
245 _aМировые религии
300 _a48 с.
955 _a2
041 _arus
080 _a2(100)
020 _a978-5-486-01290-7
260 _aМ.
_bМир книги
_c2007
650 7 _a2 Релігія. Теологія.
_2UDC
999 _c347153
_d347153